The later work
Saved in:
| Hovedforfatter: | |
|---|---|
| Format: | Bog |
| Sprog: | engelsk |
| Udgivet: |
Nueva York
Dover Publications
1967
|
| Fag: | |
| Tags: |
Tilføj Tag
Ingen Tags, Vær først til at tagge denne postø!
|
MARC
| LEADER | 00000nam a2200000 a 4500 | ||
|---|---|---|---|
| 001 | UCV7743 | ||
| 003 | CL-VaPUC | ||
| 008 | 890718e19670000US |||||||||||||||||eng|d | ||
| 082 | 0 | 4 | |a 741.092 |b BEA |2 21 |
| 100 | 0 | |a Beardsley, Aubrey |e author |9 265480 | |
| 245 | 1 | 4 | |a The later work |
| 300 | |a 174 láminas | ||
| 942 | |c BK | ||
| 945 | |d 19890718 00:00:00 | ||
| 260 | |a Nueva York |b Dover Publications |c 1967 | ||
| 600 | 0 | 7 | |a BEARDSLEY, AUBREY |2 CL-VaPUC |9 265480 |
| 583 | |a last modification |c 19890718 00:00:00 |k Rodrigo Vera | ||
| 999 | |c 213377 |d 213375 | ||
| 952 | |0 0 |1 0 |4 0 |6 741_092000000000000_BEA_1967 |7 0 |8 P |9 195710 |a BIBARQ |b BIBARQ |d 2019-11-14 |i 263709K |o 741.092 BEA 1967 |p 263709K |r 2025-01-20 |w 2019-11-14 |y BK |k ARQ | ||
| 952 | |0 0 |1 0 |4 0 |6 741_092000000000000_BEA_1967 |7 0 |8 R |9 195711 |a BIBART |b BIBART |d 2019-11-14 |i 3144429 |o 741.092 BEA 1967 |p 3144429 |r 2025-03-13 |w 2019-11-14 |y BK_R |k ART | ||